| 000 | 00712nam a2200217Ia 4500 | ||
|---|---|---|---|
| 001 | 10845 | ||
| 003 | GE_BSU | ||
| 008 | 181216s||||||||xx |||||||||||||| ||und|| | ||
| 040 | _cGE_BSU | ||
| 080 | _a821.353.1–1 | ||
| 100 | _aქვლივიძე,მიხეილ | ||
| 245 | _aგაგრძელება იქნება. | ||
| 245 | _bლექსები. | ||
| 245 | _cრედ.გ.ჯავახაძე;მხატვ.დ.დუნდუა. | ||
| 260 | _aთბილისი. | ||
| 260 | _bსაბჭოთა საქართველო. | ||
| 260 | _c1969. | ||
| 300 | _a263გვ;17სმ. | ||
| 653 | _aგაგრძელება იქნება. | ||
| 942 | _cBK | ||
| 999 |
_c44087 _d44087 |
||